| 000 | 00746nac a22001811u 4500 | ||
|---|---|---|---|
| 010 | _a012602826 | ||
| 020 | _a0198290616 | ||
| 028 | _bwww.lib.uk | ||
| 082 |
_a333.72 _bB182 |
||
| 090 |
_c2166 _d2166 |
||
| 100 | _abaland,jean-marie and eau,jea | ||
| 245 |
_ahalting degradation of naturale resources _bis there a role for rural communities _cjean-marie baland and jean-philippe platteau |
||
| 260 |
_anew york _bunited nations,1996 _c1996 |
||
| 300 |
_a423p. : _b ill. ; _c24cm |
||
| 440 | _ahalting degradation of naturale resources :is there a role for natural communities | ||
| 942 |
_cBB _k333.72B182 |
||
| 999 |
_c2166 _d2166 |
||